000 00440nam a2200181Ia 4500
005 20250423100049.0
008 250422s9999 xx 000 0 und d
020 _a0807071463
050 _aHQ 75.8.J46 .A3/
100 _aJennings, Kevin
245 0 _aMama's boy, preacher's son: a memoir
260 _aBoston
260 _bBeacon Press
260 _c2006
300 _a267 p
650 _aGay students- united states
942 _cBK
999 _c32175
_d32175